Black eagles / (Record no. 3505)

MARC details
000 -LEADER
fixed length control field 00844nam a22002417a 4500
001 - CONTROL NUMBER
control field 3505
003 - CONTROL NUMBER IDENTIFIER
control field FISKH
005 - DATE AND TIME OF LATEST TRANSACTION
control field 20240314092527.0
008 - FIXED-LENGTH DATA ELEMENTS--GENERAL INFORMATION
fixed length control field 240314b cb ||||| |||| 00| 0 eng d
040 ## - CATALOGING SOURCE
Original cataloging agency FISK
Language of cataloging eng
Transcribing agency FISK
Modifying agency FISK
050 ## - LIBRARY OF CONGRESS CALL NUMBER
Classification number TL553.H35
082 ## - DEWEY DECIMAL CLASSIFICATION NUMBER
Classification number 629.1308996073
100 ## - MAIN ENTRY--PERSONAL NAME
Personal name Haskins Jim
Dates associated with a name 1941-2005
245 ## - TITLE STATEMENT
Title Black eagles /
Statement of responsibility, etc. Jim Haskins
260 ## - PUBLICATION, DISTRIBUTION, ETC.
Place of publication, distribution, etc. New York :
Name of publisher, distributor, etc. Scholastic,
Date of publication, distribution, etc. 1995
300 ## - PHYSICAL DESCRIPTION
Extent 196 pages :
Other physical details illustrations,
Dimensions 20 cm
505 ## - FORMATTED CONTENTS NOTE
Formatted contents note Z
520 ## - SUMMARY, ETC.
Summary, etc. Since the early days of American aviation, racist attitudes have forced African Americans to go to extreme lengths to earn their wings. This engrossing account shares their historic history from the first days of flight to the space program.
521 8# - TARGET AUDIENCE NOTE
Target audience note 1160
Source Lexile
700 ## - ADDED ENTRY--PERSONAL NAME
Personal name Jim Haskins
942 ## - ADDED ENTRY ELEMENTS (KOHA)
Source of classification or shelving scheme Dewey Decimal Classification
Koha item type Books
Suppress in OPAC No
Holdings
Withdrawn status Lost status Source of classification or shelving scheme Damaged status Not for loan Collection Home library Current library Shelving location Date acquired Total Checkouts Full call number Barcode Date last seen Date last checked out Copy number Price effective from Koha item type
    Dewey Decimal Classification     Non-Fiction Footprints International School Library Network Toul Tom Poung Campus Footprints International School Library Network Toul Tom Poung Campus TTP Secondary Non-Fiction Bookshelves 03/14/2024 1 HAS TL553.H35 629.1308996073 2024-0326 11/10/2025 09/30/2025 1 03/14/2024 Books